00573nam a22001697a 450000500170000001000130001702000260003003500110005603700130006708200110008010000240009124501040011524600530021926000510027227000570032330000230038020211208130826.0 aUR-11359 c580.00a9789390789832 aU-9914 bDBAD/PUB a841.08 aبلقيس بيگم aد يو ا ن قد ر ت ا للہ قد ر ت (معہ مقد مہ و تصيح)cبلقيس بيگم aDewan-e-Qudratullah Qudrat (Urdu)bBilquis Begum aN.Delhic2021 ءbEducational Publishing House aD1/16,Ansari Road,Darya Ganj,bNew Delhie110002l - a340 ص c22 Cm(Hb)